| 000 | 01891cam a2200481 a 4500 | ||
|---|---|---|---|
| 001 | 544 | ||
| 003 | FISKH | ||
| 005 | 20241216121412.0 | ||
| 008 | 020225r20022001nyua c 000 1 eng | ||
| 010 | _a 2002021037 | ||
| 020 | _a0439404371 | ||
| 035 | _a(DLC) 2002021037 | ||
| 035 | _a(DLC)2854 | ||
| 040 |
_aDLC _cDLC _dDLC |
||
| 041 | 1 |
_aeng _hger |
|
| 042 | _alcac | ||
| 050 | 0 | 0 |
_aPZ7.F96624 _bTh 2002 |
| 082 | 0 | 0 |
_a[Fic] _221 |
| 100 | 1 |
_aFunke, Cornelia, _d1958- |
|
| 240 | 1 | 0 |
_aHerr der Diebe. _lEnglish |
| 245 | 1 | 4 |
_aThe Thief Lord / _cCornelia Funke |
| 250 | _aThis edition first printing, May 2010 | ||
| 260 |
_aNew York : _bScholastic, _c2002 |
||
| 300 |
_a349 pages. : _billustrations, map ; _c22 cm. |
||
| 505 | _aM | ||
| 520 | _aEscaping the aunt who wants to adopt only one of them, two orphaned brothers run away from Hamburg to Venice, finding shelter with a gang of street children and their leader, the thirteen-year-old "Thief Lord," while also eluding the detective hired to return them to Germany. | ||
| 521 | 8 |
_a700
_bLexile |
|
| 521 | 8 |
_aM
_bRaz-Plus |
|
| 650 | 1 |
_aRunaways _vFiction. |
|
| 650 | 1 |
_aRobbers and outlaws _vFiction. |
|
| 650 | 1 |
_aBrothers _vFiction. |
|
| 650 | 1 |
_aDetectives _vFiction. |
|
| 650 | 1 |
_aOrphans _vFiction. |
|
| 650 | 1 |
_aStreet children _vFiction. |
|
| 651 | 1 |
_aVenice (Italy) _vFiction. |
|
| 651 | 1 |
_aItaly _vFiction. |
|
| 700 | 1 | _aLatsch, Oliver. | |
| 856 | 4 | 2 |
_3Publisher description _uhttp://www.loc.gov/catdir/description/schol051/2002021037.html |
| 856 | 4 | 2 |
_3Contributor biographical information _uhttp://www.loc.gov/catdir/enhancements/fy1301/2002021037-b.html |
| 906 |
_a7 _bcbc _corignew _d1 _eocip _f20 _gy-gencatlg |
||
| 942 |
_2ddc _cBK _n0 |
||
| 999 |
_c544 _d544 |
||